00250pam a2200109 a 4500020000500000041000500005100003300010245006400043250000900107260001500116300000900131 c h aVishwas B Sawarkar,eAuthor. aA Guide for Planning Wildlife ManagementhTextual Documents a1st. a[s.l]:bNa a335.